| 000 | 00833nam a2200253Ia 4500 | ||
|---|---|---|---|
| 003 | OSt | ||
| 005 | 20220923211422.0 | ||
| 006 | a|||||r|||| 00| 0 | ||
| 007 | ta | ||
| 008 | Pun | ||
| 020 |
_a9788193406311 (hbk) _c200 |
||
| 024 | _a324,069 | ||
| 037 |
_b1009, 15/01/2018, H.K. Prakashan _cTextual |
||
| 040 |
_aARTS _cARTS _bPun |
||
| 041 |
_2Pun _aPun |
||
| 082 | _aO153,8NMO:g, Q7 | ||
| 100 |
_aਦਰਿਆ, ਥਦ. _9159534 |
||
| 245 | 0 | _aਮੋਨੋਜੀਤ ਦਾ ਵਿਅੰਗ ਸੰਸਾਰ | |
| 260 |
_aਅੰਮ੍ਰਿਤਸਰ _b ਕੇ. ਜੀ. ਗ੍ਰਾਫਿਕਸ _c2017 |
||
| 300 |
_a152ਪੰ _ccm. |
||
| 650 |
_aਪੰਜਾਾਬੀ ਸਾਹਿਤ _9156350 |
||
| 942 |
_hO153,8NMO:g, Q7 _cTEXL _2CC |
||
| 999 |
_c299276 _d299276 |
||